Sitcom Spouse Match-Up Quiz Stats

 Plays Quiz Updated Mar 11, 2018

Challenge
Share
Tweet
Score 0/25 Timer 05:00
6 Plays Today
% Correct
Fred
96.5%
Homer
96.3%
Gomez
93.3%
Ricky
89.7%
Al
87.6%
Archie
86.1%
Dan
82.2%
Niles
80.6%
Ward
77.7%
Ray
73.3%
Leonard
71.6%
Thurston
69.3%
Ralph
69.2%
% Correct
Darrin
67.7%
George
67.6%
Phil
62.8%
Red
60.9%
Tim
60.2%
Jim
54.8%
Steven
50.5%
Doug
49.8%
Greg
45.8%
Paul
37.9%
Oliver Wendell
23.9%
Hal
19.3%

You're not logged in!

Compare scores with friends on all Sporcle quizzes.
Join for Free
OR
Log In

You Might Also Like...

Show Comments

Extras

Top Quizzes Today


Score Distribution

Your Account Isn't Verified!

In order to create a playlist on Sporcle, you need to verify the email address you used during registration. Go to your Sporcle Settings to finish the process.

Report this User

Report this user for behavior that violates our Community Guidelines.

Details: